000 00495nam a22001817a 4500
005 20140723115828.0
010 _aENG-109990
020 _c199.00
_a9789381542163
035 _aEN-93523
037 _bDBAD/PUB
082 _a881
100 _aYudith,C.
245 0 0 _aStill standing /
_cby Yudith C.
260 _aGoa
_bCinnamonTeal
_c2010
270 _aPolt No 16,Gogal, Housing Board Colony
_bMargao Goa
_e403601
300 _a49p.
_c20cm(pbk)
942 _2ddc
_cEN
_mYUD
_h881
999 _c84136
_d84136